000 00712nam a2200229Ka 4500
001 2647
003 BD-DhBUF
005 20250928122602.0
008 990125s1998 enkab b 001 0 eng d
016 0 0 _a100=NOTNAL
020 _a076195693X
020 _a0761956948 (pbk)
035 _a(StEdNL)939659-nlsdb-Voyager
040 _aStEdNL
_cStEdNL
100 1 _aParker, Barbara.
245 1 0 _aGlobalization and business practice :
_bmanaging across boundaries /
_cBarbara Parker.
260 _aLondon :
_bSage,
_c1998.
300 _axvi, 655 p. :
_bill., maps ;
_c25 cm.
504 _aIncludes bibliographical references and index.
650 0 _aInternational business enterprises
_xManagement.
942 _2ddc
_cBK
999 _c2647
_d2647